Loading...
| Religion | 0 | 2 | 0 | 1 | 20 | 93 | 104.00 | 0 | 0 | 0.00 | 0.00 |
| Mythology | 0 | 2 | 0 | 0 | 20 | 45 | 60.00 | 1 | 1 | 0.00 | 0.00 |
| History - American | 0 | 2 | 1 | 0 | 15 | 76 | 82.50 | 0 | 0 | 0.00 | 0.00 |
| History - Other | 0 | 2 | 1 | 0 | 15 | 24 | 59.50 | 1 | 2 | 0.00 | 0.00 |
| Philosophy | 0 | 1 | 0 | 0 | 10 | 105 | 105.00 | 0 | 1 | 0.00 | 0.00 |
| Science - Chemistry | 0 | 1 | 0 | 1 | 10 | 101 | 101.00 | 0 | 0 | 0.00 | 0.00 |
| Science - Biology | 0 | 2 | 2 | 1 | 10 | 95 | 106.00 | 0 | 0 | 0.00 | 0.00 |
| History - World | 0 | 1 | 0 | 1 | 10 | 117 | 117.00 | 0 | 0 | 0.00 | 0.00 |
| Literature - British | 0 | 1 | 0 | 0 | 10 | 99 | 99.00 | 0 | 1 | 0.00 | 0.00 |
| Literature - European | 0 | 1 | 0 | 0 | 10 | 92 | 92.00 | 0 | 0 | 0.00 | 0.00 |
| Other Academic | 0 | 0 | 1 | 0 | -5 | 0.00 | 0 | 0 | 0.00 | 0.00 | |
| Science - Physics | 0 | 0 | 2 | 0 | -10 | 0.00 | 0 | 0 | 0.00 | 0.00 |